| 000 | 00317nam a2200121Ia 4500 | ||
|---|---|---|---|
| 008 | 230907s9999||||xx |||||||||||||| ||und|| | ||
| 082 |
_a690 _bAll |
||
| 100 | _aAllen, Edward, | ||
| 245 | 0 | _aFundamentals of building construction : | |
| 260 |
_aWiley, _bHoboken, N.J. : _c2009 |
||
| 300 | _axii, 996 p. : | ||
| 942 | _cBK | ||
| 999 |
_c596401 _d596401 |
||